Time and the Other : (Record no. 13292)
[ view plain ]
| 000 -LEADER | |
|---|---|
| fixed length control field | 01184cam a2200301 a 4500 |
| 001 - CONTROL NUMBER | |
| control field | 3839556 |
| 005 - DATE AND TIME OF LATEST TRANSACTION | |
| control field | 20020426103125.0 |
| 008 - FIXED-LENGTH DATA ELEMENTS--GENERAL INFORMATION | |
| fixed length control field | 870317s1987 pau grb 001 0 eng |
| 010 ## - LIBRARY OF CONGRESS CONTROL NUMBER | |
| LC control number | 87006900 |
| 020 ## - INTERNATIONAL STANDARD BOOK NUMBER | |
| International Standard Book Number | 0820702331 |
| 040 ## - CATALOGING SOURCE | |
| Original cataloging agency | DLC |
| Transcribing agency | DLC |
| Modifying agency | DLC |
| 041 1# - LANGUAGE CODE | |
| Language code of text/sound track or separate title | eng |
| Language code of original and/or intermediate translations of text | fre |
| 050 00 - LIBRARY OF CONGRESS CALL NUMBER | |
| Classification number | B2430.L483 |
| Item number | T4613 1987 |
| 082 00 - DEWEY DECIMAL CLASSIFICATION NUMBER | |
| Classification number | 115 |
| Edition number | 22 |
| Item number | LEV |
| 100 1# - MAIN ENTRY--PERSONAL NAME | |
| Personal name | Levinas, Emmanuel. |
| 9 (RLIN) | 11004 |
| 240 10 - UNIFORM TITLE | |
| Uniform title | <a href="Essays.">Essays.</a> |
| Language of a work | English. |
| Form subheading | Selections |
| 245 10 - TITLE STATEMENT | |
| Title | Time and the Other : |
| Statement of responsibility, etc | Emmanuel Levinas ; translation by Richard A. Cohen. |
| Remainder of title | [and additional essays]/ |
| 260 ## - PUBLICATION, DISTRIBUTION, ETC. (IMPRINT) | |
| Place of publication, distribution, etc | Pittsburgh, PA : |
| Name of publisher, distributor, etc | Duquesne University Press, 1987 |
| Date of publication, distribution, etc | 1987. |
| 300 ## - PHYSICAL DESCRIPTION | |
| Extent | ix, 149 p. ; |
| Dimensions | 23 cm. |
| 500 ## - GENERAL NOTE | |
| General note | Translation of: Le temps et l'autre, Diachronie et representation, and L'Ancien et le nouveau. |
| 504 ## - BIBLIOGRAPHY, ETC. NOTE | |
| Bibliography, etc | Includes bibliographical references p. [139]-141 and index |
| 650 #0 - SUBJECT ADDED ENTRY--TOPICAL TERM | |
| Topical term or geographic name as entry element | Time. |
| 9 (RLIN) | 11005 |
| 650 #0 - SUBJECT ADDED ENTRY--TOPICAL TERM | |
| Topical term or geographic name as entry element | Ontology. |
| 9 (RLIN) | 11006 |
| 650 #0 - SUBJECT ADDED ENTRY--TOPICAL TERM | |
| Topical term or geographic name as entry element | Other (Philosophy) |
| 9 (RLIN) | 11007 |
| 700 ## - ADDED ENTRY--PERSONAL NAME | |
| 9 (RLIN) | 11072 |
| Personal name | Cohen, Richard A. |
| 942 ## - ADDED ENTRY ELEMENTS (KOHA) | |
| Source of classification or shelving scheme | Dewey Decimal Classification |
| Item type | Book - Borrowing |
| Withdrawn status | Item status | Source of classification or shelving scheme | Damaged status | Not for loan | Vendor | Home library | Current library | Shelving location | Date acquired | Source of acquisition | Cost, normal purchase price | Serial Enumeration / chronology | Total Checkouts | Total Renewals | Full call number | Barcode | Date last seen | Date last borrowed | Cost, replacement price | Koha item type |
|---|---|---|---|---|---|---|---|---|---|---|---|---|---|---|---|---|---|---|---|---|
| Dewey Decimal Classification | AUC | Central Library | Central Library | Lower Floor | 07/02/2010 | 20.00 | 2 | 4 | 2 | 115 LEV | 000019625 | 15/07/2025 | 23/02/2025 | 20.00 | Book - Borrowing |